<?xml version="1.0" encoding="UTF-8"?>
<record
    xmlns:xsi="http://www.w3.org/2001/XMLSchema-instance"
    xsi:schemaLocation="http://www.loc.gov/MARC21/slim http://www.loc.gov/standards/marcxml/schema/MARC21slim.xsd"
    xmlns="http://www.loc.gov/MARC21/slim">

  <leader>01837nam a22003497i 4500</leader>
  <datafield tag="999" ind1=" " ind2=" ">
    <subfield code="c">23145</subfield>
    <subfield code="d">23145</subfield>
  </datafield>
  <controlfield tag="003">AR-CdUCM</controlfield>
  <controlfield tag="008">241212b20232023 pe||||| |||| 00| 0 spa d</controlfield>
  <datafield tag="020" ind1=" " ind2=" ">
    <subfield code="a">798-612-00-8523-3</subfield>
  </datafield>
  <datafield tag="040" ind1=" " ind2=" ">
    <subfield code="a">MUNICIPALIDAD PROVINCIAL DEL CUSCO</subfield>
    <subfield code="c">BIBLIOTECA MUNICIPAL DEL CUSCO</subfield>
  </datafield>
  <datafield tag="082" ind1=" " ind2=" ">
    <subfield code="a">726.6098562 / C77</subfield>
    <subfield code="b">C77</subfield>
  </datafield>
  <datafield tag="100" ind1=" " ind2=" ">
    <subfield code="a">Copa Paucar, Mario / (autor-editor)</subfield>
  </datafield>
  <datafield tag="245" ind1=" " ind2=" ">
    <subfield code="a">La Ruta del Qhapaq &#xD1;an y la Arquitectura Barroca Pune&#xF1;a /</subfield>
  </datafield>
  <datafield tag="260" ind1=" " ind2=" ">
    <subfield code="a">Cusco : </subfield>
    <subfield code="c">2023</subfield>
  </datafield>
  <datafield tag="300" ind1=" " ind2=" ">
    <subfield code="a">199 p&#xE1;ginas. :  </subfield>
    <subfield code="c">29 cm. </subfield>
  </datafield>
  <datafield tag="500" ind1=" " ind2=" ">
    <subfield code="z">Bibliograf&#xED;a: p&#xE1;gina 155.</subfield>
  </datafield>
  <datafield tag="505" ind1=" " ind2=" ">
    <subfield code="a">El Qhapaq &#xD1;an del Qollasuyu: Puno-Desaguadero -- La iglesia Barroca San Francisco de As&#xED;s de Ayaviri -- El Barroco mestizo de la iglesia de Pucara -- El Barroco del templo de San Ger&#xF3;nimo de Asilo -- El Barroco de la iglesia blanca de Santa Catalina -- El Barroco en la iglesia de Paucarcolla -- El Barroco Churrigueresco de la iglesia San Miguel de Ilave -- La iglesia de los arcos de Santa Barbara de Ilave -- La bas&#xED;lica catedral de San Carlos de Puno -- La Roma Aymara Santa cruz de Jerusal&#xE9;n en Juli -- Iglesia Barroca de la Asunci&#xF3;n de Chucuito -- La iglesia Santiago ap&#xF3;stol de Pomata -- La iglesia San Miguel de Pomata -- La iglesia San Sebasti&#xE1;n de Zepita -- Iglesia San Pedro y San Pablo de Zepita</subfield>
  </datafield>
  <datafield tag="650" ind1=" " ind2=" ">
    <subfield code="a">Caminos </subfield>
    <subfield code="9">27474</subfield>
  </datafield>
  <datafield tag="650" ind1=" " ind2=" ">
    <subfield code="a">Arte</subfield>
    <subfield code="9">561</subfield>
  </datafield>
  <datafield tag="650" ind1=" " ind2=" ">
    <subfield code="a">Arquitectura</subfield>
    <subfield code="9">3356</subfield>
  </datafield>
  <datafield tag="650" ind1=" " ind2=" ">
    <subfield code="a">Religi&#xF3;n </subfield>
    <subfield code="9">1195</subfield>
  </datafield>
  <datafield tag="650" ind1=" " ind2=" ">
    <subfield code="a">Barroca</subfield>
    <subfield code="9">50855</subfield>
  </datafield>
  <datafield tag="650" ind1=" " ind2=" ">
    <subfield code="a">Catedral </subfield>
    <subfield code="9">41193</subfield>
  </datafield>
  <datafield tag="650" ind1=" " ind2=" ">
    <subfield code="a">Iglesia </subfield>
    <subfield code="9">1428</subfield>
  </datafield>
  <datafield tag="700" ind1=" " ind2=" ">
    <subfield code="a">Aguilar Bruna, Valia Lucero </subfield>
    <subfield code="9">50856</subfield>
  </datafield>
  <datafield tag="700" ind1=" " ind2=" ">
    <subfield code="a">Tevez Miranda, Kelly Joselin </subfield>
    <subfield code="9">50857</subfield>
  </datafield>
  <datafield tag="700" ind1=" " ind2=" ">
    <subfield code="a">Canaza Paucara, Jhostyn Johan </subfield>
    <subfield code="9">50858</subfield>
  </datafield>
  <datafield tag="700" ind1=" " ind2=" ">
    <subfield code="a">Huanacuni Miranda, Alex Giovani </subfield>
    <subfield code="9">50859</subfield>
  </datafield>
  <datafield tag="700" ind1=" " ind2=" ">
    <subfield code="a">Jacinto Encinas, Marialeydi</subfield>
    <subfield code="9">50860</subfield>
  </datafield>
  <datafield tag="942" ind1=" " ind2=" ">
    <subfield code="2">ddc</subfield>
    <subfield code="c">LIBROS</subfield>
  </datafield>
  <datafield tag="945" ind1=" " ind2=" ">
    <subfield code="a">pbj</subfield>
    <subfield code="d">12-12-2024</subfield>
  </datafield>
  <datafield tag="952" ind1=" " ind2=" ">
    <subfield code="0">0</subfield>
    <subfield code="2">ddc</subfield>
    <subfield code="4">0</subfield>
    <subfield code="7">0</subfield>
    <subfield code="a">SA</subfield>
    <subfield code="b">SA</subfield>
    <subfield code="c">CART</subfield>
    <subfield code="d">2024-12-12</subfield>
    <subfield code="e">Donaci&#xF3;n</subfield>
    <subfield code="g">15.00</subfield>
    <subfield code="o">726.6098562 / C77 </subfield>
    <subfield code="p">SA0000000754</subfield>
    <subfield code="r">2024-12-12</subfield>
    <subfield code="y">LIBROS</subfield>
  </datafield>
</record>
